| 000 | 00722nam a2200241 i 4500 | ||
|---|---|---|---|
| 001 | 73411 | ||
| 003 | ES-MaACL | ||
| 005 | 20230906171809.0 | ||
| 007 | t| | ||
| 008 | 041008s2004 sp ||||1| spa d | ||
| 020 | _a84-95028-38-7 | ||
| 080 | _a613.953 | ||
| 100 | 1 |
_aVitoria Miñana, Isidro. _9115523 |
|
| 245 | 1 | 0 |
_aCuidados del bebé _b: mitos y errores : libro práctico para padres y abuelos actuales / _cIsidro Vitoria Miñana. |
| 250 | _a1ª ed. | ||
| 260 |
_aMadrid : _bExlibris, _c2004. |
||
| 300 |
_a256 p. : _bil. ; _c22 cm. |
||
| 490 | 1 | _aPediatria | |
| 650 |
_aNiños- _xSalud e higiene. _915557 |
||
| 830 | 0 |
_aPediatria _9231169 |
|
| 852 |
_aES-MaACL _jL-28197 _bR.133935 |
||
| 999 |
_c73411 _d73411 |
||